000 00752nas a2200265 4500
001 BR8404947
003 BR-BrBNA
005 20231205090015.0
007 ta
008 230509b bl.|||p| |||| 00| 00por d
040 _aBR-BrBNA
_bpor
_cBiblioteca Nacional de Agricultura
041 _a(Pt)
072 _aF01
100 1 _aOliveira, M.C. de
245 1 _aO capim buffel nas regioes secas do nordeste [Brasil]
650 _aCAPIM BUFFEL
650 _aVARIEDADE
650 _aPLANTIO
650 _aSEMEADURA
650 _aADUBACAO
650 _aREGIAO NORDESTE
773 0 _tAgropecuaria Tropical (Brazil)
_xISSN 0101-1758
_g(Sep-Oct 1984), (no. 38) p. 30-34
_wBR8404947
909 _a202311
_bLúcia
_c55
_dLúcia Elande
942 _2AGRIS
_n0
_cANA
999 _c115464
_d115464